Distritos de Madrid - Estadísticas

Estadísticas generales
  • Esta prueba ha sido intentada 139 veces
  • La puntuación promedio es 13 de 21
Respuestas en el mapa
Las respuestas están codificadas por una escala verde-roja en el mapa de la prueba según el % correcto abajo.
 
Estadísticas de respuestas
Número Distrito % Correcto
1 Centro
93%
9 Moncloa - Aravaca
73%
11 Carabanchel
71%
5 Chamartín
71%
8 Fuencarral - El Pardo
67%
3 Retiro
67%
4 Salamanca
67%
21 Barajas
64%
7 Chamberí
63%
13 Puente de Vallecas
59%
15 Ciudad Lineal
58%
10 Latina
55%
17 Villaverde
55%
14 Moratalaz
54%
20 San Blas - Canillejas
54%
6 Tetuán
53%
19 Vicálvaro
53%
12 Usera
50%
2 Arganzuela
49%
16 Hortaleza
49%
18 Villa de Vallecas
49%
No se encontraron pruebas coincidentes
Distribución de puntuación
Porcentaje de gente con cada puntuación
Porcentaje por número respondido
Historial de tus puntuaciones
No has intentado esta prueba.